000 00726nam a2200217 i 4500
001 38502
003 ES-MaACL
005 20231226211712.0
007 t|
008 030225s1957 sp |||| | spa d
100 1 _aCalderón Quijano, José Antonio.
_933626
245 1 0 _aColón, sus cronistas e historiadores en Menéndez Pelayo /
_cJosé Antonio Calderón Quijano.
260 _aSevilla :
_b[G.E.H.A.],
_c1957.
300 _a55 p. ;
_c24 cm.
600 1 4 _aColón, Cristóbal.
_939869
651 4 _aAmérica-
_xDescubrimientos y exploraciones-
_xEspañoles-
_vFuentes.
_9162837
700 1 _aMenéndez y Pelayo, Marcelino,
_980332
_d1856-1912
852 _aES-MaACL
_j1980-F-25
942 _2udc
999 _c38502
_d38502